01359ngm a2200277 a 450000500170000000800410001704100080005808200180006611000360008424501250012025000180024530000600026349000280032352003860035153400410073765000340077865000430081265000400085594200130089526400350090833600270094333700330097033800280100304000350103199900150106620220317001844.0170410s2014 c g 000 0 s  aspa04a611.84bD37c22 aDiscovery Communications97797010aCuerpo humano al límitebvisión = Human body pushing the limitsbsightcDiscovery Communicationshvideodisco digital a1a. edición a1 DVD (45 minutos) :b sonido, color, digital ;c 19 cm aDiscovery en la escuela aMás del 80% de lo que conocemos del mundo lo percibimos a través de los ojos. El ser humano es el único animal sobre la tierra que puede distinguir 10 millones de colores. Este episodio muestra, como nunca antes, el funcionamiento de la visión desde adentro hacia afuera, confirmando que las adaptaciones del propio hombre desempeñan un papel esencial en la vida moderna tHuman body pushing the limits: sight142LEMBaAnatomíavVideodiscos142LEMBaPercepción visualvVideodiscos142LEMBaOjosvAnatomíaxVideodiscos 2ddccDVD aBogotábMS Tv & Videosc2014 atextobtxt2rdacontent asin mediaciónbn2rdamedia avolumenbnc2rdacarrier aCO-BoRNBPbspaerdacCO-BoRNBP c8317d8317